Normal view
MARC view
- Mass media in religion
Entry Topical Term
001 - CONTROL NUMBER
- control field: 37864
003 - CONTROL NUMBER IDENTIFIER
- control field: OSt
005 - DATE AND TIME OF LATEST TRANSACTION
- control field: 20150506121335.0
008 - FIXED-LENGTH DATA ELEMENTS
- fixed length control field: 150506|| aca||babn | a|a d
040 ## - CATALOGING SOURCE
- Original cataloging agency: OSt
150 ## - HEADING--TOPICAL TERM
- Topical term or geographic name as entry element: Mass media in religion
550 ## - SEE ALSO FROM TRACING--TOPICAL TERM
- Topical term or geographic name entry element: Communication
- General subdivision: Religious aspects
550 ## - SEE ALSO FROM TRACING--TOPICAL TERM
- Topical term or geographic name entry element: Mass media
- General subdivision: Religious aspects